| 000 | 00783nam a2200229 a 4500 | ||
|---|---|---|---|
| 003 | CBULib | ||
| 005 | 20250603084750.0 | ||
| 008 | 080331s1995 ||||||||||||||||| || u | ||
| 040 |
_aCBULib _bEnglish _cCBULib _erda |
||
| 041 | _aeng | ||
| 050 | _aIBRD(08)ESDO/1 | ||
| 110 | _aThe World Bank(IBRD) | ||
| 245 | 1 | 4 |
_aThe contribution of peoples's participation: evidence from 121 rural water supply projects _c/ by The World Bank(IBRD) |
| 260 |
_aWashington : _bWorld Bank, _c1995. |
||
| 300 | _aviii, 108 : illustrations | ||
| 336 |
_2rdacontent _aText | _btxt |
||
| 337 |
_2rdamedia _aUnmediated | _bn |
||
| 338 |
_2rdacarrier _aVolume _bnc |
||
| 650 | _aWATER-SUPPLY, RURAL--DEVELOPING COUNTRIES--MANAGEMENT--CITIZEN PARTICIPATION | ||
| 700 | _aNarayan, Deepa | ||
| 942 |
_2mc _c029 |
||
| 999 |
_c38703 _d38703 |
||